[Event "Open Praha 2018 - A"]
[Site "Praha (CZE)"]
[Date "2018.01.16"]
[Round "6"]
[White "Stoyanov, Tsvetan"]
[Black "Laverton, Christian"]
[Result "1/2-1/2"]
[WhiteElo "2242"]
[BlackElo "2088"]
[PlyCount "81"]
[EventDate "2018.01.12"]

1. e4 c5 2. Nf3 g6 3. d4 cxd4 4. Nxd4 Nc6 5. c4 Nf6 6. Nc3 Nxd4 7. Qxd4 d6 8.
Be2 Bg7 9. Be3 O-O 10. Qd1 Be6 11. O-O Rc8 12. b3 a6 13. Rc1 Qa5 14. Bd2 Qc7
15. Kh1 Qb8 16. f3 Nd7 17. f4 f5 18. exf5 Bxf5 19. Nd5 Rce8 20. Bg4 Bxg4 21.
Qxg4 e6 22. Nc3 Rf5 23. Ne2 Qc7 24. Ng3 Rf7 25. Rce1 Nf6 26. Qh3 Rfe7 27. Bc3
b5 28. Bxf6 Bxf6 29. Ne4 Kg7 30. Qd3 bxc4 31. bxc4 Rd8 32. Rd1 Red7 33. Rfe1
Qc6 34. Qe2 d5 35. Nxf6 Kxf6 36. cxd5 Rxd5 37. Rxd5 Rxd5 38. Qb2+ Kf7 39. h3
Qd6 40. Qh8 h5 41. Qh7+ 1/2-1/2

[Event "Open Praha 2018 - A"]
[Site "Praha (CZE)"]
[Date "2018.01.16"]
[Round "6"]
[White "Darnell, Anton"]
[Black "Fedorov, Evgueny"]
[Result "1/2-1/2"]
[WhiteElo "2087"]
[BlackElo "2241"]
[PlyCount "56"]
[EventDate "2018.01.12"]

1. c4 Nf6 2. Nc3 c5 3. Nf3 e6 4. e3 Be7 5. d4 cxd4 6. exd4 d5 7. Bd3 Nc6 8. a3
dxc4 9. Bxc4 O-O 10. O-O a6 11. h3 b5 12. Bd3 Bb7 13. Be3 Rc8 14. Rc1 Re8 15.
Bb1 Na5 16. Ne5 Nc4 17. Qe2 Qd6 18. Bg5 h6 19. Bxf6 Bxf6 20. Ne4 Bxe4 21. Qxe4
Kf8 22. Nxc4 Rxc4 23. Rxc4 bxc4 24. Rc1 Qd5 25. Qe2 Rc8 26. Ba2 Qxd4 27. Rxc4
Rxc4 28. Qxc4 Qxc4 1/2-1/2

[Event "Open Praha 2018 - A"]
[Site "Praha (CZE)"]
[Date "2018.01.16"]
[Round "6"]
[White "Kastner, Oldrich"]
[Black "Solozhenkina, Elizaveta"]
[Result "0-1"]
[WhiteElo "2060"]
[BlackElo "2190"]
[PlyCount "78"]
[EventDate "2018.01.12"]

1. c4 Nf6 2. Nf3 g6 3. Nc3 d5 4. cxd5 Nxd5 5. Nxd5 Qxd5 6. g3 c5 7. Bg2 Nc6 8.
d3 Bg7 9. O-O O-O 10. Ng5 Qd7 11. Rb1 b6 12. Qa4 Bb7 13. Qh4 h6 14. Nf3 Kh7 15.
Ng5+ Kg8 16. Nf3 h5 17. Bg5 Qd5 18. Nd2 Qd7 19. Nf3 Rfe8 20. Qa4 Rad8 21. Rfe1
Ba8 22. Be3 Nb4 23. Qxd7 Rxd7 24. a3 Nc2 25. Rec1 Nxe3 26. fxe3 Bh6 27. Kf2 e5
28. Ne1 e4 29. Rd1 Rd6 30. Bxe4 Bxe4 31. dxe4 Rf6+ 32. Nf3 Rxe4 33. Rd8+ Kg7
34. h4 Bxe3+ 35. Kf1 Rg4 36. Rd3 Re6 37. Kg2 Bf4 38. Nh2 Rxe2+ 39. Kh3 Rxh4+
0-1

[Event "Open Praha 2018 - B"]
[Site "Praha (CZE)"]
[Date "2018.01.15"]
[Round "5"]
[White "Marjanovic, Gyorgy"]
[Black "Nemecek, Pavel"]
[Result "0-1"]
[WhiteElo "2026"]
[BlackElo "1846"]
[PlyCount "22"]
[EventDate "2018.01.12"]

1. e4 e6 2. d3 d5 3. Nd2 c5 4. g3 Nc6 5. Bg2 g6 6. Ngf3 Bg7 7. O-O Nge7 8. Qe2
O-O 9. Rb1 Nb4 10. c3 Nxa2 11. b4 Nxc3 0-1

[Event "Open Praha 2018 - B"]
[Site "Praha (CZE)"]
[Date "2018.01.15"]
[Round "5"]
[White "Delaruelle, Christian"]
[Black "Bakalar, Jan"]
[Result "1/2-1/2"]
[WhiteElo "1742"]
[BlackElo "1946"]
[PlyCount "42"]
[EventDate "2018.01.12"]

1. e4 g6 2. Nf3 Bg7 3. Nc3 d6 4. Bc4 Nf6 5. O-O O-O 6. d4 Nxe4 7. Nxe4 d5 8.
Bd3 dxe4 9. Bxe4 Nd7 10. c3 Nf6 11. Bc2 c6 12. Re1 e6 13. Bg5 Qb6 14. Bb3 a5
15. Qd2 a4 16. Bc4 Nd5 17. Rab1 Qc7 18. Bh6 a3 19. Bxg7 Kxg7 20. b4 b5 21. Bb3
f6 1/2-1/2

[Event "Open Praha 2018 - B"]
[Site "Praha (CZE)"]
[Date "2018.01.15"]
[Round "5"]
[White "Kochev, Igor"]
[Black "Nemecek, Lukas"]
[Result "1-0"]
[WhiteElo "1759"]
[BlackElo "1639"]
[PlyCount "49"]
[EventDate "2018.01.12"]

1. e4 c5 2. Nf3 Nc6 3. d4 cxd4 4. Nxd4 g6 5. c4 Bg7 6. Be3 Nf6 7. Nc3 d6 8. Be2
O-O 9. O-O Bd7 10. f3 Nxd4 11. Bxd4 Bc6 12. Qd2 Nd7 13. Bxg7 Kxg7 14. Qd4+ Kg8
15. b4 Qb6 16. Qxb6 Nxb6 17. a3 Bd7 18. a4 Nc8 19. Rfd1 f5 20. e5 Be6 21. Nb5
b6 22. exd6 Nxd6 23. Nxd6 exd6 24. Rxd6 Kf7 25. c5 1-0

[Event "Open Praha 2018 - B"]
[Site "Praha (CZE)"]
[Date "2018.01.15"]
[Round "5"]
[White "Mach, Petr"]
[Black "Matys, Jakub"]
[Result "1/2-1/2"]
[WhiteElo "1636"]
[BlackElo "1757"]
[PlyCount "95"]
[EventDate "2018.01.12"]

1. Nf3 Nf6 2. g3 d5 3. d4 g6 4. Bg2 Bg7 5. O-O O-O 6. c4 c6 7. cxd5 cxd5 8. Nc3
Nc6 9. Qb3 e6 10. Bf4 a6 11. Rac1 Nh5 12. Be3 f5 13. Na4 f4 14. gxf4 Nxf4 15.
Bxf4 Rxf4 16. e3 Rf5 17. Nc5 Rb8 18. Nd3 Bd7 19. Rc5 Bf8 20. Rc3 Bd6 21. Qd1
Qf6 22. Nd2 Qh4 23. f4 Rbf8 24. Nf3 Qh6 25. Nde5 Nxe5 26. Nxe5 Bxe5 27. fxe5
Rxf1+ 28. Bxf1 Qg5+ 29. Bg2 Bb5 30. Kh1 Rf2 31. Bh3 Qh4 32. Qg1 Re2 33. Qg3
Qe4+ 34. Kg1 Qb1+ 35. Bf1 Rc2 36. Qh3 Bxf1 37. Qxe6+ Kg7 38. Qf6+ Kh6 39. Qf8+
Kh5 40. Qxf1 Qxf1+ 41. Kxf1 Rxb2 42. Rc7 h6 43. Rc5 Kg4 44. Rxd5 Kf3 45. Ke1
Kxe3 46. Kd1 Kd3 47. Kc1 Re2 48. Rd6 1/2-1/2

[Event "Open Praha 2018 - B"]
[Site "Praha (CZE)"]
[Date "2018.01.15"]
[Round "5"]
[White "Kovar, Zdenek"]
[Black "Zlamana, Anna"]
[Result "1-0"]
[WhiteElo "1750"]
[BlackElo "1513"]
[PlyCount "71"]
[EventDate "2018.01.12"]

1. d4 d5 2. c4 e6 3. Nc3 Be7 4. Nf3 Nf6 5. e3 O-O 6. Bd3 b6 7. cxd5 Nxd5 8. e4
Nxc3 9. bxc3 c5 10. O-O Qc7 11. Qe2 Nd7 12. Bb2 Bb7 13. Rfd1 Nf6 14. Ne5 Bd6
15. f4 Nd7 16. Nxd7 Qxd7 17. e5 Be7 18. dxc5 Bxc5+ 19. Kh1 Qe7 20. Bxh7+ Kxh7
21. Qh5+ Kg8 22. Rd3 Be4 23. Rh3 f6 24. Re1 Qb7 25. Qh8+ Kf7 26. Qh5+ Ke7 27.
Rg3 Rf7 28. c4 f5 29. Rd1 Qc7 30. Qh4+ Ke8 31. Qh8+ Bf8 32. Ba3 Rd8 33. Bd6
Qxc4 34. Rxg7 Rxd6 35. exd6 Rxg7 36. Qh5+ 1-0

[Event "Open Praha 2018 - B"]
[Site "Praha (CZE)"]
[Date "2018.01.15"]
[Round "5"]
[White "Valik, Ondrej"]
[Black "Plesnik, Miroslav"]
[Result "0-1"]
[WhiteElo "1555"]
[BlackElo "1705"]
[PlyCount "66"]
[EventDate "2018.01.12"]

1. c4 e6 2. Nc3 d5 3. e3 Nf6 4. Nf3 Bd6 5. d4 b6 6. Ne5 O-O 7. Bd3 c5 8. Qc2
Nbd7 9. f4 Bb7 10. O-O cxd4 11. exd4 Bb4 12. a3 Bxc3 13. bxc3 dxc4 14. Nxc4 Ba6
15. Qa4 Qc8 16. Nd6 Qxc3 17. Bxa6 Qxa1 18. Bd2 Qb2 19. Be3 b5 20. Bxb5 Nb6 21.
Qa5 Nbd5 22. Bf2 Rfd8 23. Nb7 Rdc8 24. Nc5 Nc3 25. Ba6 Rd8 26. Nd3 Qd2 27. Kh1
Nfe4 28. Qe5 Nxf2+ 29. Nxf2 Qxd4 30. Qg5 Nd5 31. Nd3 Nc7 32. Nb4 Nxa6 33. Nxa6
Qc4 0-1

[Event "Open Praha 2018 - B"]
[Site "Praha (CZE)"]
[Date "2018.01.15"]
[Round "5"]
[White "Jiras, Zbynek"]
[Black "Nigrin, Jiri"]
[Result "0-1"]
[WhiteElo "1322"]
[BlackElo "1685"]
[PlyCount "88"]
[EventDate "2018.01.12"]

1. Nf3 Nf6 2. d4 g6 3. Bf4 d6 4. e3 Bg7 5. Nbd2 Nbd7 6. Bd3 O-O 7. c3 c5 8. h4
Nh5 9. Bh2 a6 10. Be2 b5 11. Ng5 Nhf6 12. h5 h6 13. Nge4 Nxe4 14. Nxe4 g5 15.
f4 f5 16. Nf2 g4 17. Qc2 Bb7 18. Rg1 e6 19. Bg3 cxd4 20. exd4 Qe8 21. Kf1 Nf6
22. Qd2 Nxh5 23. Qe3 Nf6 24. c4 bxc4 25. Bxc4 Bd5 26. Qd3 Bxc4 27. Qxc4 Nh5 28.
Nh1 Qb5 29. Qxb5 axb5 30. Ke2 Bxd4 31. Rgd1 Bxb2 32. Rab1 Rxa2 33. Rd2 Nxg3+
34. Nxg3 Ra3 35. Rdxb2 Rxg3 36. Rxb5 Rxg2+ 37. Kf1 Rd2 38. Re1 Kf7 39. Rb7+ Kf6
40. Rh7 Rh2 41. Rd7 Rh1+ 42. Kf2 Rxe1 43. Kxe1 e5 44. Kf2 Rf7 0-1

[Event "Open Praha 2018 - B"]
[Site "Praha (CZE)"]
[Date "2018.01.15"]
[Round "5"]
[White "Zacek, Petr"]
[Black "Privoznik, Lubos"]
[Result "1/2-1/2"]
[WhiteElo "1544"]
[BlackElo "1661"]
[PlyCount "65"]
[EventDate "2018.01.12"]

1. e4 c6 2. d4 d5 3. Nc3 dxe4 4. Nxe4 Bf5 5. Ng3 Bg6 6. Nf3 e6 7. h4 h6 8. h5
Bh7 9. Bd3 Bxd3 10. Qxd3 Nd7 11. Bf4 Ngf6 12. O-O-O Qa5 13. Kb1 Nd5 14. Bd2 Qb6
15. Rde1 O-O-O 16. Ne4 Be7 17. g4 N7f6 18. Ne5 Rhf8 19. f4 Nb4 20. Bxb4 Bxb4
21. Rd1 Nxe4 22. Qxe4 Qb5 23. Rd3 f6 24. Nf3 Qd5 25. Qe3 Rfe8 26. Rhd1 Ba5 27.
g5 Bb6 28. c3 e5 29. fxe5 fxe5 30. Nxe5 Bc7 31. Qh3+ Kb8 32. c4 Rxe5 33. dxe5
1/2-1/2

[Event "Open Praha 2018 - B"]
[Site "Praha (CZE)"]
[Date "2018.01.15"]
[Round "5"]
[White "Rychtecky, Pavel"]
[Black "Pucholt, Martin"]
[Result "1/2-1/2"]
[WhiteElo "1524"]
[BlackElo "1628"]
[PlyCount "48"]
[EventDate "2018.01.12"]

1. e4 c5 2. Nf3 d6 3. d4 cxd4 4. Nxd4 Nf6 5. Nc3 a6 6. Be2 e5 7. Nb3 Be6 8. O-O
Be7 9. Be3 Nbd7 10. f3 Qc7 11. Qd2 h5 12. Kh1 h4 13. Rad1 h3 14. g4 Bc4 15. Rg1
Bxe2 16. Qxe2 Nb6 17. Bxb6 Qxb6 18. g5 Nh5 19. Nd5 Qd8 20. Qd2 a5 21. Rg4 a4
22. Nc1 g6 23. Rdg1 Ra6 24. Ne2 Ng7 1/2-1/2

[Event "Open Praha 2018 - B"]
[Site "Praha (CZE)"]
[Date "2018.01.15"]
[Round "5"]
[White "Jackson, Paul R"]
[Black "Lotz, Kolja Alecsander"]
[Result "1/2-1/2"]
[WhiteElo "1503"]
[BlackElo "1602"]
[PlyCount "30"]
[EventDate "2018.01.12"]

1. d4 Nf6 2. Nf3 e6 3. c3 b6 4. Bf4 Bb7 5. e3 Be7 6. Be2 d6 7. Nbd2 Nbd7 8. h3
O-O 9. O-O c5 10. Qa4 a6 11. Qd1 Rc8 12. Rc1 b5 13. Bg5 h6 14. Bxf6 Bxf6 15.
Nh2 cxd4 1/2-1/2

[Event "Open Praha 2018 - B"]
[Site "Praha (CZE)"]
[Date "2018.01.16"]
[Round "6"]
[White "Nemecek, Pavel"]
[Black "Kylar, Miroslav"]
[Result "1-0"]
[WhiteElo "1846"]
[BlackElo "1877"]
[PlyCount "119"]
[EventDate "2018.01.12"]

1. e4 c6 2. Nc3 d5 3. Nf3 Bg4 4. h3 Bxf3 5. Qxf3 e6 6. d3 Bb4 7. a3 Ba5 8. exd5
cxd5 9. d4 Qf6 10. Bb5+ Nc6 11. Qd3 a6 12. Bxc6+ bxc6 13. O-O Ne7 14. Na4 Nf5
15. b4 Bc7 16. c3 Nd6 17. Qg3 h6 18. Nc5 g5 19. f4 Nc4 20. Qg4 gxf4 21. Bxf4 h5
22. Qg3 Bxf4 23. Rxf4 Qh6 24. Raf1 Ra7 25. Kh1 h4 26. Qe1 Nd6 27. Qe5 Ke7 28.
Rf6 Qh7 29. Nxe6 Qe4 30. Qxe4 dxe4 31. Ng5 e3 32. R6f3 f5 33. Rxe3+ Kd7 34.
Rfe1 Raa8 35. Re7+ Kd8 36. Nf7+ Nxf7 37. Rxf7 a5 38. Rxf5 axb4 39. axb4 Kc7 40.
Ra5 Raf8 41. c4 Rf2 42. Kg1 Rb2 43. b5 Rg8 44. g4 hxg3 45. Ra7+ Kd6 46. bxc6
Rh8 47. Rg7 Rc2 48. Rg6+ Kc7 49. Re7+ Kb6 50. Rb7+ Ka6 51. Rxg3 Ra2 52. c5 Re8
53. Rb6+ Ka7 54. Rg7+ Ka8 55. Rb1 Ra4 56. d5 Rh8 57. d6 Ra3 58. d7 Raxh3 59.
d8=Q+ Rxd8 60. Ra1+ 1-0

[Event "Open Praha 2018 - B"]
[Site "Praha (CZE)"]
[Date "2018.01.16"]
[Round "6"]
[White "Prudnikov, Andrey"]
[Black "Zeliantsova, Kseniya"]
[Result "1-0"]
[WhiteElo "2022"]
[BlackElo "1788"]
[PlyCount "101"]
[EventDate "2018.01.12"]

1. e4 e5 2. f4 d6 3. Nf3 Bg4 4. h3 Bxf3 5. Qxf3 Nf6 6. Bc4 Be7 7. O-O O-O 8. c3
Nbd7 9. d3 c6 10. Bb3 a5 11. Be3 b5 12. d4 Qc7 13. Nd2 c5 14. a4 c4 15. Ba2
bxa4 16. Bxc4 Qb7 17. Rfb1 Rfc8 18. Bd3 exd4 19. cxd4 Qb4 20. e5 Ne8 21. Bf5
Ra7 22. e6 fxe6 23. Bxe6+ Kh8 24. d5 Rb7 25. Ne4 h6 26. Bd2 Qb6+ 27. Be3 Qb4
28. Bd2 Qd4+ 29. Kh2 Rc4 30. Re1 Ndf6 31. Bc3 Qb6 32. Ng3 Qb3 33. Nf5 Ra7 34.
Bf7 Rcc7 35. Nd4 Qc4 36. Nf5 Qb3 37. Re3 Qb5 38. Rae1 Ng8 39. Qg3 Rxc3 40. Bxe8
Bh4 41. Qxh4 Qxb2 42. Rxc3 Qxc3 43. Nxd6 Nf6 44. Nb5 Qc5 45. Nxa7 Qxa7 46. Bxa4
Qd4 47. Bc6 a4 48. Qg3 Nh5 49. Qe3 Qb4 50. Qe8+ Kh7 51. Qe4+ 1-0

[Event "Open Praha 2018 - B"]
[Site "Praha (CZE)"]
[Date "2018.01.16"]
[Round "6"]
[White "Gunyecz, Zoltan Dr"]
[Black "Nahornyi, Ihor"]
[Result "0-1"]
[WhiteElo "1977"]
[BlackElo "1735"]
[PlyCount "102"]
[EventDate "2018.01.12"]

1. d4 Nf6 2. c4 e6 3. Nf3 b6 4. Bg5 Bb7 5. e3 Be7 6. Nc3 d5 7. cxd5 exd5 8.
Bb5+ c6 9. Bd3 O-O 10. Ne5 Nbd7 11. Qc2 h6 12. Bh4 c5 13. O-O Re8 14. f4 Rc8
15. Bf5 Ra8 16. g4 Nxe5 17. fxe5 Nd7 18. Bg3 Nf8 19. Kg2 Bc8 20. Rad1 Be6 21.
Qf2 Bg5 22. dxc5 bxc5 23. Qf3 d4 24. exd4 cxd4 25. Bxe6 fxe6 26. Ne4 Be3 27.
Qf7+ Kh8 28. Nf6 gxf6 29. Rxf6 Re7 30. Qh5 Qe8 31. Qh3 Bg5 32. Rf3 Rd8 33. Bh4
Qg6 34. Rf6 Qc2+ 35. Rf2 Qe4+ 36. Rf3 Nh7 37. Bxg5 hxg5 38. Kg1 Red7 39. Rdd3
Qxe5 40. Qh6 Re7 41. h4 Qe1+ 42. Kg2 Qxh4 43. Qg6 Qxg4+ 44. Rg3 Qf4 45. Qh6 Qf6
46. Qh5 Qf7 47. Qe2 e5 48. Qe4 Qf4 49. Qg6 Rg7 50. Qh5 e4 51. Rd1 Rf8 0-1

[Event "Open Praha 2018 - B"]
[Site "Praha (CZE)"]
[Date "2018.01.16"]
[Round "6"]
[White "Kalvach, Ladislav"]
[Black "Marinc, Damir"]
[Result "0-1"]
[WhiteElo "1754"]
[BlackElo "1964"]
[PlyCount "56"]
[EventDate "2018.01.12"]

1. e4 e5 2. Nf3 Qe7 3. Bc4 h6 4. Nc3 c6 5. O-O Nf6 6. d4 d6 7. h3 g5 8. Bxg5
hxg5 9. Nxg5 Be6 10. Nxe6 fxe6 11. f4 Nbd7 12. b4 Bg7 13. dxe5 dxe5 14. Rb1
O-O-O 15. Qe2 exf4 16. e5 Nd5 17. Bxd5 exd5 18. Qf2 Qxe5 19. Ne2 Qe3 20. Rb3
Qxf2+ 21. Rxf2 Rde8 22. Kf1 Nf6 23. Rxf4 Ne4 24. Rd3 Ref8 25. Ke1 Rxf4 26. Nxf4
Re8 27. Ne2 Nc3 28. Rd2 Bh6 0-1

[Event "Open Praha 2018 - B"]
[Site "Praha (CZE)"]
[Date "2018.01.16"]
[Round "6"]
[White "Jaeger, Andre"]
[Black "Chekletsova, Darya"]
[Result "1-0"]
[WhiteElo "1958"]
[BlackElo "1651"]
[PlyCount "107"]
[EventDate "2018.01.12"]

1. d4 d5 2. c4 e6 3. Nc3 Nf6 4. cxd5 exd5 5. Bg5 Be7 6. e3 O-O 7. Bd3 h6 8. Bh4
c6 9. Qc2 Bg4 10. h3 Be6 11. Nge2 Ne8 12. Bxe7 Qxe7 13. Nf4 Nf6 14. O-O Nbd7
15. Rae1 Qd6 16. Nfe2 a6 17. f3 c5 18. Qd2 cxd4 19. exd4 Nh5 20. g4 Ng3 21.
Nxg3 Qxg3+ 22. Qg2 Qf4 23. Qf2 Nf6 24. Re5 Rfe8 25. Rd1 Nh7 26. Nxd5 Bxd5 27.
Rxd5 Ng5 28. Kg2 Rad8 29. Rxd8 Rxd8 30. Bc4 Rd6 31. h4 Ne4 32. Bxf7+ Qxf7 33.
fxe4 Rf6 34. Qe2 Qe6 35. Kg3 Rg6 36. e5 Qd5 37. Qc2 Re6 38. Qb3 Qd7 39. Re1 Kh8
40. d5 Rg6 41. Qf3 Qa4 42. Qf8+ Kh7 43. Qf5 Qb4 44. Qe4 Qxb2 45. h5 Qc3+ 46.
Re3 Qc1 47. hxg6+ Kg8 48. Re1 Qc3+ 49. Qe3 Qb4 50. d6 Qa5 51. Rc1 Qd8 52. Qb3+
Kh8 53. Qe6 Qg5 54. Qe8# 1-0

[Event "Open Praha 2018 - B"]
[Site "Praha (CZE)"]
[Date "2018.01.16"]
[Round "6"]
[White "Michel, Ladislav"]
[Black "Palka, Miroslav"]
[Result "1/2-1/2"]
[WhiteElo "1774"]
[BlackElo "1934"]
[PlyCount "36"]
[EventDate "2018.01.12"]

1. d4 d5 2. Bf4 e6 3. Nf3 Bd6 4. Bg3 Nf6 5. e3 Ne4 6. Bd3 Nxg3 7. hxg3 h6 8. c4
Nd7 9. c5 Be7 10. Nbd2 Nf6 11. Ne5 Nd7 12. Ndf3 Nxe5 13. Nxe5 c6 14. Qh5 Qa5+
15. Ke2 Rf8 16. f4 Bf6 17. Nxf7 Ke7 18. Nd6 b6 1/2-1/2

[Event "Open Praha 2018 - B"]
[Site "Praha (CZE)"]
[Date "2018.01.16"]
[Round "6"]
[White "Simkin, Alexander"]
[Black "Klimek, Petr"]
[Result "0-1"]
[WhiteElo "1749"]
[BlackElo "1815"]
[PlyCount "110"]
[EventDate "2018.01.12"]

1. d4 Nf6 2. c4 e6 3. Nc3 Bb4 4. Qc2 c5 5. Nf3 b6 6. a3 Bxc3+ 7. bxc3 Bb7 8. e3
O-O 9. Bd3 d5 10. cxd5 exd5 11. O-O c4 12. Bf5 g6 13. Bh3 Nc6 14. Re1 Re8 15.
Nd2 Na5 16. g3 Ne4 17. Nxe4 dxe4 18. Ra2 Nb3 19. Bb2 Qd5 20. Bg2 f5 21. Qd1 h5
22. Rf1 Qe6 23. a4 Kg7 24. Ba3 h4 25. Bb4 a5 26. Ba3 Rh8 27. Re2 g5 28. f3 hxg3
29. fxe4 gxh2+ 30. Kh1 Bxe4 31. Bxe4 Qxe4+ 32. Rg2 Rh3 33. Rf4 Qxg2+ 34. Kxg2
h1=Q+ 35. Qxh1 Rxh1 36. Rxf5 Rah8 37. Rxg5+ Kf6 38. Rb5 Nd2 39. Bd6 R8h3 40.
Rxb6 Kf5 41. Bf4 Ke4 42. Re6+ Kd3 43. d5 Rh8 44. d6 R1h7 45. Rg6 Rd8 46. Rg3
Ne4 47. Rg6 Nxc3 48. Rg5 Ne4 49. Rxa5 Rg8+ 50. Kf3 Rh3+ 51. Bg3 Rhxg3+ 52. Kf4
R8g4+ 53. Ke5 Rg5+ 54. Ke6 Rxa5 55. d7 Nc5+ 0-1

[Event "Open Praha 2018 - B"]
[Site "Praha (CZE)"]
[Date "2018.01.16"]
[Round "6"]
[White "Plesnik, Miroslav"]
[Black "Janacek, Jaroslav"]
[Result "0-1"]
[WhiteElo "1705"]
[BlackElo "2020"]
[PlyCount "51"]
[EventDate "2018.01.12"]

1. d4 d6 2. c4 e5 3. e3 Nc6 4. Nc3 g6 5. Nf3 Bg7 6. d5 Nce7 7. e4 Nf6 8. Be3
Ng4 9. Bg5 h6 10. Bd2 O-O 11. h3 Nf6 12. Bd3 Nh5 13. Qc1 g5 14. g4 Nf4 15. Bxf4
exf4 16. Qc2 Ng6 17. O-O-O Re8 18. Be2 a6 19. Nd4 Bxd4 20. Rxd4 Qf6 21. Qd1 Bd7
22. f3 Reb8 23. Rd2 b5 24. cxb5 axb5 25. Qb3 b4 26. Nd1 0-1

[Event "Open Praha 2018 - B"]
[Site "Praha (CZE)"]
[Date "2018.01.16"]
[Round "6"]
[White "Nigrin, Jiri"]
[Black "Bakalar, Jan"]
[Result "1/2-1/2"]
[WhiteElo "1685"]
[BlackElo "1946"]
[PlyCount "88"]
[EventDate "2018.01.12"]

1. c4 Nf6 2. d4 e6 3. Nf3 Bb4+ 4. Bd2 Be7 5. Nc3 d5 6. e3 O-O 7. Bd3 b6 8. O-O
Bb7 9. cxd5 exd5 10. Rc1 Ne4 11. Qc2 Nxd2 12. Nxd2 g6 13. Nf3 Nd7 14. Ne2 Bd6
15. g3 Qe7 16. a3 Kg7 17. b4 a5 18. Qb3 Rfc8 19. Nc3 axb4 20. axb4 Nf6 21. b5
Ra3 22. Qd1 Rca8 23. Nb1 Ra1 24. Nbd2 R1a3 25. Be2 Bc8 26. Nb1 R3a5 27. Nc3 Bd7
28. Rb1 Bf5 29. Rb2 Ra3 30. Nb1 Ra1 31. Nh4 Bd7 32. Qc2 Qe8 33. Nc3 R1a5 34.
Rfb1 Qc8 35. Bf1 g5 36. Nf3 h6 37. Bd3 Ra1 38. Rxa1 Rxa1+ 39. Rb1 Ra5 40. Rb2
Qe8 41. Ra2 Bb4 42. Rb2 Bd6 43. Ra2 Bb4 44. Rb2 Bd6 1/2-1/2

[Event "Open Praha 2018 - B"]
[Site "Praha (CZE)"]
[Date "2018.01.16"]
[Round "6"]
[White "Kolmas, Oldrich"]
[Black "Delaruelle, Christian"]
[Result "0-1"]
[WhiteElo "1795"]
[BlackElo "1742"]
[PlyCount "48"]
[EventDate "2018.01.12"]

1. e4 e5 2. d4 exd4 3. Qxd4 Nc6 4. Qe3 Nf6 5. Nc3 Bb4 6. Bd2 O-O 7. O-O-O d6 8.
f3 Be6 9. Kb1 Re8 10. Qf2 Bc5 11. Be3 Bxe3 12. Qxe3 a6 13. Nh3 d5 14. Qf2 Qe7
15. Nf4 dxe4 16. Nxe6 Qxe6 17. Nxe4 Nxe4 18. fxe4 Qxe4 19. Bd3 Qe6 20. Rhe1 Qf6
21. Qg3 Ne5 22. Be4 Nc4 23. c3 Nd6 24. Rf1 Nxe4 0-1

[Event "Open Praha 2018 - B"]
[Site "Praha (CZE)"]
[Date "2018.01.16"]
[Round "6"]
[White "Ruzicka, Filip"]
[Black "Kochev, Igor"]
[Result "0-1"]
[WhiteElo "1518"]
[BlackElo "1759"]
[PlyCount "40"]
[EventDate "2018.01.12"]

1. e4 e6 2. d4 d5 3. e5 c5 4. c3 Nc6 5. Nf3 Qb6 6. a3 Nh6 7. b4 cxd4 8. cxd4
Nf5 9. Bb2 Be7 10. g4 Nh4 11. Nxh4 Bxh4 12. Qd2 f6 13. Nc3 fxe5 14. dxe5 Nxe5
15. Nxd5 Nf3+ 16. Kd1 exd5 17. Qe2+ Qe6 18. Qxf3 Rf8 19. Bb5+ Bd7 20. Re1 Qxe1+
0-1

[Event "Open Praha 2018 - B"]
[Site "Praha (CZE)"]
[Date "2018.01.16"]
[Round "6"]
[White "Zlamana, Anna"]
[Black "Badik, Maksym"]
[Result "1/2-1/2"]
[WhiteElo "1513"]
[BlackElo "1928"]
[PlyCount "145"]
[EventDate "2018.01.12"]

1. e4 e5 2. Nf3 Nc6 3. Nc3 Nf6 4. d4 exd4 5. Nxd4 Bb4 6. Nxc6 bxc6 7. Bd3 h6 8.
O-O d6 9. h3 O-O 10. Qf3 Re8 11. Bf4 Bb7 12. Ne2 c5 13. Ng3 Rb8 14. c3 Ba5 15.
Rfe1 d5 16. Rad1 Qc8 17. Bc1 Re6 18. Qf4 dxe4 19. Bc4 Rb6 20. Nf5 Qf8 21. Qxc7
Ra6 22. Bxf7+ Kh8 23. Qe5 Rd8 24. Rxd8 Bxd8 25. Bc4 Rc6 26. Qb8 Rc7 27. Rd1 Nd7
28. Qxa7 Qxf5 29. Qa4 Bh4 30. Be3 Bc6 31. Qa5 Rc8 32. b4 Rf8 33. Rd2 cxb4 34.
Qxf5 Rxf5 35. cxb4 Ne5 36. Be2 Rf8 37. b5 Bb7 38. a4 Ra8 39. Ra2 Bd8 40. Bd4
Nd7 41. Bc4 Nb6 42. Bb3 Bd5 43. Bxd5 Nxd5 44. Kf1 Ba5 45. Re2 Re8 46. g3 Kg8
47. Rc2 Kf7 48. Rc5 Nb4 49. g4 Ra8 50. Rf5+ Kg6 51. Re5 Bd8 52. Rxe4 Nd5 53.
Re6+ Kf7 54. Rd6 Nf6 55. Ra6 Rb8 56. Bxf6 Bxf6 57. Rc6 Bd8 58. Ke2 Ke7 59. Rg6
Kf7 60. Rc6 Ba5 61. f3 Rb6 62. Rc4 Rd6 63. h4 Rd2+ 64. Ke3 Rb2 65. h5 Ke6 66.
Ke4 Re2+ 67. Kd3 Rd2+ 68. Ke4 Re2+ 69. Kd3 Rf2 70. Ke4 Rb2 71. Kd4 Re2 72. Kd3
Rd2+ 73. Ke4 1/2-1/2

[Event "Open Praha 2018 - B"]
[Site "Praha (CZE)"]
[Date "2018.01.16"]
[Round "6"]
[White "Istel, Oldrich"]
[Black "Marjanovic, Gyorgy"]
[Result "0-1"]
[WhiteElo "1719"]
[BlackElo "2026"]
[PlyCount "50"]
[EventDate "2018.01.12"]

1. Nf3 e6 2. g3 f5 3. d3 Nf6 4. e4 fxe4 5. dxe4 Nxe4 6. Bd3 Nf6 7. Ng5 g6 8. h4
Rg8 9. h5 Qe7 10. hxg6 hxg6 11. Qf3 Nc6 12. Bf4 d6 13. Bb5 Bd7 14. Nc3 O-O-O
15. Rh4 Bg7 16. O-O-O Nh5 17. Nge4 Nxf4 18. Qxf4 Bxc3 19. bxc3 g5 20. Qf6 Qxf6
21. Nxf6 gxh4 22. Nxg8 Rxg8 23. gxh4 Ne5 24. Be2 Bc6 25. Rf1 Bf3 0-1

[Event "Open Praha 2018 - B"]
[Site "Praha (CZE)"]
[Date "2018.01.16"]
[Round "6"]
[White "Kronowetter, Borivoj"]
[Black "Pyzio, Amelia"]
[Result "1-0"]
[WhiteElo "1882"]
[BlackElo "1651"]
[PlyCount "79"]
[EventDate "2018.01.12"]

1. e4 e5 2. Nf3 Nc6 3. Bb5 a6 4. Ba4 Nf6 5. O-O b5 6. Bb3 Be7 7. Re1 d6 8. h3
Na5 9. d4 Nxb3 10. axb3 Nd7 11. Nc3 c6 12. d5 Bb7 13. dxc6 Bxc6 14. b4 Nb6 15.
Nh2 O-O 16. Ng4 f5 17. exf5 Rxf5 18. Ne3 Rf6 19. Ned5 Rg6 20. Re4 Bh4 21. Rg4
Nxd5 22. Nxd5 Rxg4 23. hxg4 Bb7 24. Be3 Qe8 25. Ra3 Qg6 26. Rd3 Rf8 27. c3 Kh8
28. b3 Qf7 29. g3 Bd8 30. c4 g5 31. Qd2 Qg6 32. Qc3 Bf6 33. Rd1 Qe4 34. Qd3
Qxg4 35. cxb5 axb5 36. Rc1 Qf3 37. Rc7 e4 38. Qd2 Bc8 39. Nxf6 Bf5 40. Qd4 1-0

[Event "Open Praha 2018 - A"]
[Site "?"]
[Date "2018.01.17"]
[Round "7"]
[White "Stefansson, Hannes"]
[Black "Pacher, Milan"]
[Result "1/2-1/2"]
[BlackElo "2444"]
[WhiteElo "2523"]
[LiveChessVersion "1.4.8"]

1. e4 {[%clk 1:30:54]} e5 {[%clk 1:30:53]} 2. Nf3 {[%clk 1:31:08]} Nc6
{[%clk 1:31:19]} 3. Bb5 {[%clk 1:31:18]} a6 {[%clk 1:31:45]} 4. Ba4
{[%clk 1:31:27]} Nf6 {[%clk 1:32:10]} 5. d3 {[%clk 1:31:23]} b5 {[%clk 1:32:06]}
6. Bb3 {[%clk 1:31:36]} Bc5 {[%clk 1:32:31]} 7. O-O {[%clk 1:31:05]} d6
{[%clk 1:32:48]} 8. c3 {[%clk 1:31:02]} h6 {[%clk 1:30:53]} 9. a4
{[%clk 1:21:19]} Rb8 {[%clk 1:27:34]} 10. axb5 {[%clk 1:21:12]} axb5
{[%clk 1:28:02]} 11. Be3 {[%clk 1:15:50]} O-O {[%clk 1:25:04]} 12. Nbd2
{[%clk 1:14:52]} Qe7 {[%clk 1:16:19]} 13. h3 {[%clk 1:12:06]} Bxe3
{[%clk 1:14:07]} 14. fxe3 {[%clk 1:07:52]} b4 {[%clk 1:12:52]} 15. c4 Nd8 16. d4
{[%clk 1:05:07]} Ne6 {[%clk 1:04:57]} 17. c5 Ng5 18. cxd6 {[%clk 0:43:28]}
1/2-1/2